000
00320 a2200145 4500
001
169603
020
_a
040
_c
Magnum
100
_a
Mailhiot, Gerald Bernard
240
1
0
_a
Dinamica e genese dos grupos
_l
por
245
1
0
_a
Dinamica e genese dos grupos
362
0
_a
1899
697
_a
PSICOLOGIA
942
_c
BK
999
_c
169603
_d
169603